| 000 | 00844cab a22002415a 4500 | ||
|---|---|---|---|
| 001 | L159903 | ||
| 008 | 150113e2018 xxk 000 0 eng d | ||
| 035 | _a(Sirsi) u159903 | ||
| 041 | 0 | _aeng | |
| 050 | _218 | ||
| 100 | 1 | _aCobb, Laurence | |
| 245 | 0 | 2 |
_aA different case? _h[electronic resource] |
| 260 |
_aLondon _bRICS _c2018 |
||
| 490 |
_aRICS Building Surveying Journal _vMarch - April 2018, 17(1) |
||
| 520 | _aAssesses the implications of the first case involving building information modelling which has been through the courts. | ||
| 650 | 2 | 4 |
_aBIM _96219 |
| 650 | 2 | 4 | _aTRANT ENGINEERING V MOTT MACDONALD |
| 651 | 4 |
_aUnited Kingdom _y |
|
| 690 | _aLEGAL ACTION | ||
| 856 | 4 | 0 |
_uhttps://issuu.com/ricsmodus/docs/building_surveying_journal_march_ap_aa689a2c570f4c _z _yAvailable free online via Issuu |
| 856 | 4 | 0 |
_u _z |
| 942 | _n0 | ||
| 999 |
_c85055 _d85055 |
||